After Sappho /

Gespeichert in:
Bibliographische Detailangaben
1. Verfasser: Schwartz, Selby Wynn
Format: Buch
Sprache:Englisch
Veröffentlicht: Norwich : Galley Beggar Press, 2023
Tags: Tag hinzufügen
Keine Tags, Fügen Sie das erste Tag hinzu!

MARC

LEADER 00000nam a22000007i 4500
001 IT\ICCU\PCM\0040948
003 ItRI
005 20260115232016.0
008 240227s2023 xxk|||||| ||||| |||||c
020 |a 9781913111397 
040 |b ita  |c importazione bologna sebina 
041 7 |a eng  |2 ISO-639-2 
100 1 |a Schwartz, Selby Wynn  |0 IT\ICCU\RMBV\293098 
240 1 0 |a After Sappho  |3 IT\ICCU\RMB\0817768  |9 Schwartz, Selby Wynn 
245 1 0 |a After Sappho /  |c Selby Wynn Schwartz. 
260 |a Norwich :  |b Galley Beggar Press,  |c 2023 
300 |a 279 p. ;  |c 20 cm 
942 |2 ddc  |c BK  |n 0 
952 |0 0  |1 0  |4 0  |6 L_813_600000000000000_SCH  |7 0  |9 18841  |a BO  |b BO  |d 2026-01-15  |i 20613  |l 0  |o L 813.6 SCH  |p BO20613  |r 2026-01-15 23:20:16  |w 2026-01-15  |x [Sebina 5] [1 v.]  |y BK  |z 1 v. 
999 |c 16001  |d 16001